[Event "GER-ch 3rd Internet Blitz Cand"]
[Site "Playchess.com INT"]
[Date "2005.04.02"]
[Round "8"]
[White "Enzmann, Steffen"]
[Black "Wornath, Kai Rudolf"]
[Result "0-1"]
[WhiteElo "2204"]
[BlackElo "2388"]
[PlyCount "38"]
[EventDate "2005.04.02"]
[EventType "swiss (blitz)"]
[EventRounds "15"]
[EventCountry "GER"]
[SourceTitle "CBM 105 Extra"]
[Source "ChessBase"]
[SourceDate "2005.05.01"]
[SourceVersion "1"]
[SourceVersionDate "2005.05.01"]
[SourceQuality "1"]

1. Nf3 d5 2. g3 c6 3. Bg2 Bg4 4. 0-0 Nd7 5. c4 Ngf6 6. cxd5 cxd5 7. d4 Bxf3 8. Bxf3 e6 9. Nc3 Be7 10. e4 Nb6 11. exd5 Nfxd5 12. Re1 0-0 13. a4 a5 14. Qb3 Bb4 15. Bd2 Rc8 16. Re5 Nc4 17. Bxd5 Nxe5 18. Bxe6 fxe6 19. Qxe6+ Nf7 0-1

[Event "GER-ch 3rd Internet Blitz Cand"]
[Site "Playchess.com INT"]
[Date "2005.04.02"]
[Round "2"]
[White "Lentrodt, Thomas"]
[Black "Wornath, Kai Rudolf"]
[Result "1/2-1/2"]
[WhiteElo "2292"]
[BlackElo "2388"]
[PlyCount "109"]
[EventDate "2005.04.02"]
[EventType "swiss (blitz)"]
[EventRounds "15"]
[EventCountry "GER"]
[SourceTitle "CBM 105 Extra"]
[Source "ChessBase"]
[SourceDate "2005.05.01"]
[SourceVersion "1"]
[SourceVersionDate "2005.05.01"]
[SourceQuality "1"]

1. d4 b6 2. c4 Bb7 3. Nc3 e6 4. Nf3 Nf6 5. Bg5 Bb4 6. Qb3 Bxc3+ 7. Qxc3 h6 8. Bh4 d6 9. e3 Nbd7 10. Be2 0-0 11. 0-0 Re8 12. Rfd1 e5 13. dxe5 Nxe5 14. Nxe5 Rxe5 15. Qxe5 dxe5 16. Rxd8+ Rxd8 17. Rd1 Rxd1+ 18. Bxd1 Kf8 19. Bg3 Nd7 20. Bg4 Nf6 21. Bh3 g5 22. Bxe5 g4 23. Bxf6 gxh3 24. gxh3 Bf3 25. Be5 c6 26. h4 Ke7 27. h5 Kf8 28. Bf4 Kg7 29. h4 Bxh5 30. Kh2 Be2 31. b3 h5 32. Kg3 Kf6 33. Bb8 a6 34. Ba7 b5 35. cxb5 cxb5 36. Kf4 Ke6 37. a4 Bd1 38. axb5 axb5 39. b4 Be2 40. Kg5 Bf3 41. Bd4 Be2 42. Bb2 Bf3 43. Ba1 Be2 44. f4 f5 45. Kg6 Bg4 46. Bc3 Kd5 47. Bd4 Kc4 48. Bc5 Kd5 49. Kf6 Bh3 50. Kg5 Bg4 51. Bd4 Kc4 52. Bc5 Kd5 53. Kf6 Bh3 54. Bf8 Bg4 55. Bc5 1/2-1/2

[Event "Canarias en Red prel 5th"]
[Site "Playchess.com INT"]
[Date "2004.05.07"]
[Round "9"]
[White "Wornath, Kai Rudolf"]
[Black "Lagumina, Giulio"]
[Result "1/2-1/2"]
[WhiteElo "2382"]
[BlackElo "2311"]
[PlyCount "58"]
[EventDate "2004.05.07"]
[EventType "swiss (blitz)"]
[EventRounds "13"]
[EventCountry "GER"]
[SourceTitle "EXT 2005"]
[Source "ChessBase"]
[SourceDate "2004.11.15"]
[SourceVersion "1"]
[SourceVersionDate "2004.11.15"]
[SourceQuality "1"]

1. d4 d5 2. c4 e6 3. Nc3 c6 4. Nf3 Nf6 5. Bg5 dxc4 6. e4 b5 7. e5 h6 8. Bh4 g5 9. Nxg5 hxg5 10. Bxg5 Be7 11. exf6 Bxf6 12. Bxf6 Qxf6 13. g3 Na6 14. Bg2 Bb7 15. Ne4 Qe7 16. 0-0 0-0-0 17. a4 f5 18. axb5 cxb5 19. Rxa6 Bxa6 20. Nc5 Qxc5 21. dxc5 Rxd1 22. Rxd1 b4 23. Ra1 Bb5 24. Rxa7 c3 25. bxc3 bxc3 26. Ra8+ Kc7 27. Ra7+ Kc8 28. Ra8+ Kc7 29. Ra7+ Kc8 1/2-1/2

[Event "Canarias en Red prel 5th"]
[Site "Playchess.com INT"]
[Date "2004.05.07"]
[Round "12"]
[White "Wornath, Kai Rudolf"]
[Black "Popov, Roman"]
[Result "1-0"]
[WhiteElo "2382"]
[BlackElo "2392"]
[PlyCount "73"]
[EventDate "2004.05.07"]
[EventType "swiss (blitz)"]
[EventRounds "13"]
[EventCountry "GER"]
[SourceTitle "EXT 2005"]
[Source "ChessBase"]
[SourceDate "2004.11.15"]
[SourceVersion "1"]
[SourceVersionDate "2004.11.15"]
[SourceQuality "1"]

1. d4 f5 2. Nc3 d5 3. e4 dxe4 4. Bf4 Nf6 5. Bc4 e6 6. f3 Bd6 7. Nh3 Bxf4 8. Nxf4 Qd6 9. Qd2 Nc6 10. 0-0-0 0-0 11. fxe4 fxe4 12. g3 a6 13. Rhe1 b5 14. Bb3 Na5 15. Nxe4 Nxb3+ 16. axb3 Nxe4 17. Rxe4 Kh8 18. Rde1 Bb7 19. Rxe6 Qd8 20. Qe3 a5 21. Qe5 a4 22. Re7 Rg8 23. Qxc7 Qxc7 24. Rxc7 Bf3 25. bxa4 bxa4 26. Re3 Bh1 27. h4 Rgd8 28. Ne6 Re8 29. Kd2 Bd5 30. Nf4 Rxe3 31. Kxe3 Bg8 32. d5 a3 33. bxa3 Rxa3+ 34. c3 g6 35. d6 Ra1 36. d7 Re1+ 37. Kd2 1-0

[Event "Canarias en Red prel 4th"]
[Site "Playchess.com INT"]
[Date "2004.05.06"]
[Round "12"]
[White "Wojtkiewicz, Aleksander"]
[Black "Wornath, Kai Rudolf"]
[Result "1-0"]
[WhiteElo "2564"]
[BlackElo "2382"]
[PlyCount "31"]
[EventDate "2004.05.06"]
[EventType "swiss (blitz)"]
[EventRounds "13"]
[EventCountry "GER"]
[SourceTitle "EXT 2005"]
[Source "ChessBase"]
[SourceDate "2004.11.15"]
[SourceVersion "1"]
[SourceVersionDate "2004.11.15"]
[SourceQuality "1"]

1. Nf3 d5 2. d4 c6 3. c4 e6 4. Qc2 Nf6 5. g3 Be7 6. Bg2 0-0 7. 0-0 b6 8. Rd1 Bb7 9. Nc3 Nbd7 10. b3 Rc8 11. e4 dxe4 12. Ng5 c5 13. dxc5 Bxc5 14. Bxe4 Nxe4 15. Ncxe4 g6 16. Rxd7 1-0

[Event "Canarias en Red prel 3rd"]
[Site "Playchess.com INT"]
[Date "2004.05.05"]
[Round "5"]
[White "Wornath, Kai Rudolf"]
[Black "Golubev, Mikhail"]
[Result "1-0"]
[WhiteElo "2382"]
[BlackElo "2527"]
[PlyCount "127"]
[EventDate "2004.05.05"]
[EventType "swiss (blitz)"]
[EventRounds "13"]
[EventCountry "GER"]
[SourceTitle "EXT 2005"]
[Source "ChessBase"]
[SourceDate "2004.11.15"]
[SourceVersion "1"]
[SourceVersionDate "2004.11.15"]
[SourceQuality "1"]

1. d4 Nf6 2. c4 g6 3. Nc3 Bg7 4. e4 d6 5. f3 0-0 6. Be3 Nc6 7. Nge2 a6 8. Qd2 Rb8 9. h4 h5 10. Nd5 b5 11. cxb5 axb5 12. Rc1 Bd7 13. Bh6 Bxh6 14. Qxh6 e6 15. Nxf6+ Qxf6 16. g4 Qxf3 17. gxh5 Qxh5 18. Qxh5 gxh5 19. Rg1+ Kh7 20. Rg5 f6 21. Rg3 d5 22. exd5 exd5 23. Bg2 Rbe8 24. Kd2 Bg4 25. Rxg4 hxg4 26. Rxc6 Re7 27. Nf4 Ra8 28. a3 b4 29. axb4 Ra2 30. Kc2 Ra4 31. Bxd5 Rxb4 32. Kc3 Rb6 33. Rxb6 cxb6 34. Kd3 Re1 35. Be4+ Kg7 36. d5 Kf8 37. h5 Rf1 38. Ne6+ Ke7 39. h6 f5 40. Bg2 Rd1+ 41. Ke2 Rc1 42. h7 Rc8 43. Nf4 Kf6 44. d6 Re8+ 45. Kf2 Rd8 46. d7 Ke7 47. Ng6+ Kxd7 48. h8Q Rxh8 49. Nxh8 Kd6 50. Ng6 Kc5 51. Ke3 Kc4 52. Kd2 Kb3 53. Kc1 Kc4 54. Kc2 Kd4 55. Bf1 Ke3 56. Bc4 f4 57. Nxf4 Kxf4 58. Kc3 Ke5 59. Ba6 Kd6 60. Bb7 Kc5 61. Bg2 g3 62. b4+ Kb5 63. Kb3 Ka6 64. Kc4 1-0

[Event "Canarias en Red prel 3rd"]
[Site "Playchess.com INT"]
[Date "2004.05.05"]
[Round "13"]
[White "Wornath, Kai Rudolf"]
[Black "Lagumina, Giulio"]
[Result "1-0"]
[WhiteElo "2382"]
[BlackElo "2311"]
[PlyCount "73"]
[EventDate "2004.05.05"]
[EventType "swiss (blitz)"]
[EventRounds "13"]
[EventCountry "GER"]
[SourceTitle "EXT 2005"]
[Source "ChessBase"]
[SourceDate "2004.11.15"]
[SourceVersion "1"]
[SourceVersionDate "2004.11.15"]
[SourceQuality "1"]

1. d4 d5 2. c4 e6 3. Nc3 c6 4. Nf3 Nf6 5. Bg5 dxc4 6. e4 b5 7. e5 h6 8. Bh4 g5 9. Nxg5 hxg5 10. Bxg5 Be7 11. exf6 Bxf6 12. Bxf6 Qxf6 13. g3 Bb7 14. Bg2 Na6 15. Ne4 Qe7 16. a4 0-0-0 17. 0-0 f5 18. axb5 cxb5 19. Rxa6 Bxa6 20. Nc5 Qxc5 21. dxc5 Rxd1 22. Rxd1 b4 23. Ra1 Bb5 24. Rxa7 c3 25. bxc3 bxc3 26. Ra1 Rd8 27. Rc1 c2 28. Bf3 Ba4 29. h4 Rd1+ 30. Bxd1 cxd1Q+ 31. Rxd1 Bxd1 32. Kg2 Kc7 33. f3 e5 34. h5 e4 35. h6 exf3+ 36. Kf2 f4 37. h7 1-0

[Event "Canarias en Red prel 2nd"]
[Site "Playchess.com INT"]
[Date "2004.05.04"]
[Round "1"]
[White "Fucik, Timo"]
[Black "Wornath, Kai Rudolf"]
[Result "0-1"]
[WhiteElo "2106"]
[BlackElo "2382"]
[PlyCount "122"]
[EventDate "2004.05.04"]
[EventType "swiss (blitz)"]
[EventRounds "13"]
[EventCountry "GER"]
[SourceTitle "EXT 2005"]
[Source "ChessBase"]
[SourceDate "2004.11.15"]
[SourceVersion "1"]
[SourceVersionDate "2004.11.15"]
[SourceQuality "1"]

1. d4 Nf6 2. Bg5 Ne4 3. Bf4 c5 4. f3 Qa5+ 5. c3 Nf6 6. Nd2 cxd4 7. Nb3 Qf5 8. Bxb8 Rxb8 9. Qxd4 b6 10. e4 Qg6 11. e5 Ng8 12. Ne2 e6 13. Ng3 Bc5 14. Qd2 Qh6 15. Qxh6 Nxh6 16. Bc4 d5 17. exd6 Bxd6 18. 0-0-0 Bf4+ 19. Kc2 0-0 20. Nd4 Bb7 21. Nde2 Bc7 22. Rd2 Rfd8 23. Rhd1 Kf8 24. Rxd8+ Rxd8 25. Rxd8+ Bxd8 26. Kd3 Bc7 27. Bb3 Ke7 28. h3 f6 29. Ne4 Nf5 30. Nd4 Nh4 31. Nxe6 Be5 32. Nxg7 Nxg2 33. Nf5+ Kd7 34. Ne3 Nf4+ 35. Kc4 Nxh3 36. Ng4 Bxe4 37. Nxe5+ fxe5 38. fxe4 Kd6 39. Kd3 Nf4+ 40. Ke3 h5 41. Bd1 a5 42. b4 Kc6 43. a4 Kd6 44. bxa5 bxa5 45. Bf3 Kc5 46. Kd2 Kc4 47. Kc2 h4 48. Bh1 h3 49. Bf3 h2 50. Bh1 Nh3 51. Kd2 Nf2 52. Bf3 h1Q 53. Bxh1 Nxh1 54. Ke3 Ng3 55. Kf3 Nf1 56. Kg4 Kxc3 57. Kf5 Kd4 58. Ke6 Kxe4 59. Kd6 Ne3 60. Kc5 Kd3 61. Kb5 Nc4 0-1

[Event "Canarias en Red prel 2nd"]
[Site "Playchess.com INT"]
[Date "2004.05.04"]
[Round "5"]
[White "Klenburg, Mikhail"]
[Black "Wornath, Kai Rudolf"]
[Result "1-0"]
[WhiteElo "2412"]
[BlackElo "2382"]
[PlyCount "59"]
[EventDate "2004.05.04"]
[EventType "swiss (blitz)"]
[EventRounds "13"]
[EventCountry "GER"]
[SourceTitle "EXT 2005"]
[Source "ChessBase"]
[SourceDate "2004.11.15"]
[SourceVersion "1"]
[SourceVersionDate "2004.11.15"]
[SourceQuality "1"]

1. e4 e6 2. d3 c5 3. g3 Nc6 4. Bg2 g6 5. f4 Bg7 6. Nf3 Nge7 7. 0-0 0-0 8. c3 d6 9. Be3 Rb8 10. Bf2 b5 11. d4 cxd4 12. cxd4 d5 13. e5 b4 14. Nbd2 a5 15. Nb3 h5 16. Rc1 Qb6 17. Nc5 Rd8 18. h3 Ba6 19. g4 Bxf1 20. Qxf1 hxg4 21. hxg4 Rbc8 22. Bh4 Bf8 23. Qf2 Rc7 24. Bf6 Rdc8 25. Qh4 Bg7 26. Ng5 Kf8 27. Bxg7+ Ke8 28. Qh8+ Ng8 29. Qxg8+ Ke7 30. Bf6# 1-0

[Event "Canarias en Red prel 2nd"]
[Site "Playchess.com INT"]
[Date "2004.05.04"]
[Round "9"]
[White "Krivoshey, Sergei"]
[Black "Wornath, Kai Rudolf"]
[Result "1-0"]
[WhiteElo "2501"]
[BlackElo "2382"]
[PlyCount "45"]
[EventDate "2004.05.04"]
[EventType "swiss (blitz)"]
[EventRounds "13"]
[EventCountry "GER"]
[SourceTitle "EXT 2005"]
[Source "ChessBase"]
[SourceDate "2004.11.15"]
[SourceVersion "1"]
[SourceVersionDate "2004.11.15"]
[SourceQuality "1"]

1. Nf3 d5 2. d4 c6 3. c4 e6 4. Nc3 dxc4 5. a4 Bb4 6. e3 b5 7. Bd2 a5 8. axb5 Bxc3 9. Bxc3 cxb5 10. b3 Bb7 11. bxc4 b4 12. Bb2 Nf6 13. Bd3 Nbd7 14. 0-0 0-0 15. Re1 Qe7 16. e4 e5 17. c5 Rfe8 18. Rc1 Rec8 19. Bb5 Bc6 20. Bc4 exd4 21. e5 Ne8 22. e6 Nef6 23. exf7+ 1-0

[Event "Canarias en Red prel 1st"]
[Site "Playchess.com INT"]
[Date "2004.05.03"]
[Round "9"]
[White "Wornath, Kai Rudolf"]
[Black "Nakamura, Hikaru"]
[Result "1-0"]
[WhiteElo "2382"]
[BlackElo "2571"]
[PlyCount "95"]
[EventDate "2004.05.03"]
[EventType "swiss (blitz)"]
[EventRounds "13"]
[EventCountry "GER"]
[SourceTitle "EXT 2005"]
[Source "ChessBase"]
[SourceDate "2004.11.15"]
[SourceVersion "1"]
[SourceVersionDate "2004.11.15"]
[SourceQuality "1"]

1. d4 Nf6 2. c4 g6 3. Nc3 Bg7 4. e4 d6 5. f3 0-0 6. Be3 c5 7. dxc5 dxc5 8. Qxd8 Rxd8 9. Bxc5 Nc6 10. Nd5 e6 11. Ne7+ Nxe7 12. Bxe7 Re8 13. Ba3 Nd7 14. 0-0-0 Ne5 15. b3 b6 16. Bb2 Bb7 17. Nh3 f5 18. Nf2 fxe4 19. Nxe4 Bxe4 20. fxe4 Nc6 21. Rd6 Rac8 22. Be2 Bxb2+ 23. Kxb2 Ne5 24. Rf1 Rcd8 25. Rxd8 Rxd8 26. Kc3 Nc6 27. Bg4 Nd4 28. e5 Kg7 29. Rd1 Nc6 30. Rxd8 Nxd8 31. Bf3 Kf7 32. b4 Ke7 33. Kd4 Kd7 34. a4 Kc7 35. c5 Nf7 36. cxb6+ axb6 37. h4 Nh6 38. g4 Nf7 39. g5 h6 40. Be4 hxg5 41. Bxg6 Nh8 42. h5 g4 43. Ke4 Kc6 44. Kf4 Kd5 45. a5 bxa5 46. bxa5 Kc5 47. Kxg4 Kb5 48. Kg5 1-0